| 000 | 00892nam a22002057a 4500 | ||
|---|---|---|---|
| 999 |
_c12388 _d12388 |
||
| 003 | AR-CdUCM | ||
| 008 | 190319b ||||| |||| 00| 0 spa d | ||
| 040 |
_aMUNICIPALIDAD PROVINCIAL DEL CUSCO _cBIBLIOTECA MUNICIPAL DEL CUSCO |
||
| 082 |
_aES / 633.7 / _bF 2 |
||
| 110 |
_aII forum internacional _919261 |
||
| 245 |
_aII forum internacional por la revalorización de la hoja de coca : _bCompromiso nacional / |
||
| 260 |
_aLima : _bENACO: _c1994. |
||
| 300 |
_a140 paginas ; _c20 cm. |
||
| 505 | _aContenido :Factores sociales en la revalorización de la coca -- La coca: panorama actual -- Estrés, coca y adaptación -- La coca en los trastornos psiconerviosos -- La hoja de coca, su relevancia penal .. | ||
| 650 |
_aAspectos sociales _9262 |
||
| 650 |
_aProducción y consumo _911535 |
||
| 650 |
_aCongresos sobre la coca _919262 |
||
| 942 |
_2ddc _cLIBROS |
||
| 945 |
_arum _d2019-04-08 |
||